000 01789nam a2200517 i 4500
001 5983
003 KOSZ 005
005 20190927103809.0
008 970510s1993 pl a f f |001 0 pol
015 _aPB 1994/1669
020 _a8320415454
035 _a991000391039705066
035 _a(PL-WaBN)b10147937-48omnis_nlop
035 _ab10147937
035 _a(OCoLC)749866701
035 _a(PL)b0000001014793
035 _a(EXLNZ-48OMNIS_NETWORK)9910261184705606
040 _aWA N
_cWA N
_dKOSZ 005/EG
041 _apol
046 _k1993
080 _a621.313.3
080 _a(075.8)
100 1 _aGłowacki, Andrzej
_eAutor
245 1 0 _aObliczenia elektromagnetyczne silników indukcyjnych trójfazowych /
_cAndrzej Głowacki.
260 _aWarszawa :
_bWydawnictwa Naukowo-Techniczne,
_c1993.
300 _a286, [2] s. :
_brys., wykr. ;
_c21 cm.
336 _2rdacontent
_aTekst
_btxt
337 _2rdamedia
_aBez urządzenia pośredniczącego
_bn
338 _2rdacarrier
_aWolumin
_bnc
380 _aKsiążki
380 _aPublikacje dydaktyczne
385 _mPoziom nauczania
_aSzkoły wyższe
388 _a1901-2000
388 _a1989-2000
504 _aBibliogr. s. 281-282. - Indeks.
521 _aDla studentów wydz. elektrycznego wyższych szkół tech. oraz dla inżynierów.
650 7 _aMateriały magnetyczne
_2DBN
650 7 _aElektrotechnika
_2DBN
650 7 _aPole elektromagnetyczne
_2DBN
650 7 _aSilniki elektryczne
_2DBN
655 7 _aPodręczniki akademickie
_2DBN
710 2 _aWydawnictwa Naukowo-Techniczne
_4pbl
856 _uhttp://koha.tu.koszalin.pl/cgi-bin/koha/opac-detail.pl?biblionumber=5983
_yKatalog online BPK
942 _2UKD
_cKS
999 _c5983
_d5983